| 000 | 00321 a2200133 4500 | ||
|---|---|---|---|
| 001 | 66191 | ||
| 082 | _a620.118 ISH | ||
| 090 |
_c38480 _d38480 |
||
| 100 | _aIshida, Hatsuo | ||
| 245 | _aCharacterization of Composite Materials | ||
| 250 | _a1 | ||
| 260 |
_aUSA _bButterworth - Heinemam _c1994 |
||
| 300 | _axiv, 277p. | ||
| 942 |
_aNUST CAE _k620.118 ISH |
||
| 999 |
_c301264 _d301264 |
||